Catcheurs par image partie 3 - Statistiques

Statistiques générales
  • Ce quiz a été pris 224 fois
  • Le résultat moyen est 24 sur 36
Statistiques - réponses
Par images Réponse % Correct
Bryan Danielson
93%
Booker T
92%
Sting
92%
Kurt Angle
91%
Paul Heyman
88%
A.J Lee
87%
MVP
87%
Paige
87%
Santino Marella
87%
Bobby Lashley
86%
Rob Van Dam
85%
Liv Morgan
82%
Randy Savage
80%
The Ultimate Warrior
79%
King Corbin
76%
Yokozuna
76%
King Booker
75%
Chavo
71%
Diesel
71%
King Nakamura
71%
King Woods
68%
Ted Dibiase
67%
Montez Ford
66%
Nikki Cross
65%
Bo Dallas
64%
Angelo Dawkins
61%
Titus O'neil
61%
Maryse
60%
Pat McAfee
50%
Corey Graves
49%
Lacey Evans
46%
Adam Page
35%
Amale
34%
Hiroshi Tanahashi
15%
Harley Race
13%
Thunder Rosa
12%
Aucun quiz correspondant
Distribution des résultats
% des personnes avec chaque résultat
Percentile par nombre de réponses
Votre historique - résultats
Vous n’avez pas pris ce quiz